Catálogo
 En Linea

A paixão pela dança / (Registro nro. 57638)

Detalles MARC
000 -CABECERA
campo de control de longitud fija 01567nam a22003617a 4500
003 - IDENTIFICADOR DEL NÚMERO DE CONTROL
campo de control DO-SdBNP
005 - FECHA Y HORA DE LA ÚLTIMA TRANSACCIÓN
campo de control 20240917092314.0
008 - DATOS DE LONGITUD FIJA--INFORMACIÓN GENERAL
campo de control de longitud fija 240905b |||||||| |||| 00| 0 spa d
020 ## - NÚMERO INTERNACIONAL ESTÁNDAR DEL LIBRO
Condiciones de disponibilidad 978-9945-80-142-2
040 ## - FUENTE DE LA CATALOGACIÓN
Centro catalogador/agencia de origen DO-SdBNP
Lengua de catalogación spa
Centro/agencia transcriptor BNPHU
Normas de descripción rda
082 #4 - NÚMERO DE LA CLASIFICACIÓN DECIMAL DEWEY
Número de clasificación 793.3197293
Número de documento/Ítem T266d
Número de edición 22
100 1# - ENTRADA PRINCIPAL--NOMBRE DE PERSONA
Nombre de persona Tejeda, Darío,
9 (RLIN) 2540
240 1# - TÍTULO UNIFORME
Título uniforme A pasión danzaría.
Lenguaje de la obra Português
245 12 - MENCIÓN DE TÍTULO
Título A paixão pela dança /
Mención de responsabilidad, etc. Diario Tejeda ; prefacio, Paul Austerlitz ; traducción, Renan Branco Ruiz, Laurisabel María de Ana da Silva, Antonio Carlos Araújo Ribeiro Junior
250 ## - MENCIÓN DE EDICIÓN
Mención de edición Primera edición
264 #1 - PRODUCCIÓN, PUBLICACIÓN, DISTRIBUCIÓN, FABRICACIÓN Y COPYRIGHT
Producción, publicación, distribución, fabricación y copyright República Dominicana :
Nombre del de productor, editor, distribuidor, fabricante INEC, Atlantis Press,
Fecha de producción, publicación, distribución, fabricación o copyright 2024
300 ## - DESCRIPCIÓN FÍSICA
Extensión 250 p. :
Otras características físicas ilustraciones,
Dimensiones 23 cm.
336 ## - TIPO DE CONTENIDO
Fuente rdacontent
Término de tipo de contenido rdacontent
Código de tipo de contenido txt
337 ## - TIPO DE MEDIO
Fuente rdamedia
Nombre/término del tipo de medio sin mediación
Código del tipo de medio n
338 ## - TIPO DE SOPORTE
Fuente rdacarrier
Nombre/término del tipo de soporte volumen
Código del tipo de soporte nc
500 ## - NOTA GENERAL
Nota general Incluye referencias bibliográficas y notas al pie de las páginas
504 ## - NOTA DE BIBLIOGRAFÍA, ETC.
Nota de bibliografía, etc. Bibliografía: p. 229-250
600 17 - PUNTO DE ACCESO ADICIONAL DE MATERIA--NOMBRE DE PERSONA
Nombre de persona Guera, Juan Luíz Guerra
Fechas asociadas al nombre 1957-
Subdivisión general Crítica e interpretación
9 (RLIN) 86532
650 #7 - PUNTO DE ACCESO ADICIONAL DE MATERIA--TÉRMINO DE MATERIA
Término de materia o nombre geográfico como elemento de entrada Música popular dominicana
Subdivisión general Historia
9 (RLIN) 13134
650 #7 - PUNTO DE ACCESO ADICIONAL DE MATERIA--TÉRMINO DE MATERIA
Término de materia o nombre geográfico como elemento de entrada Música popular caribeña
Subdivisión general Historia
9 (RLIN) 86533
650 #7 - PUNTO DE ACCESO ADICIONAL DE MATERIA--TÉRMINO DE MATERIA
Término de materia o nombre geográfico como elemento de entrada Bachata (Música)
Subdivisión geográfica República Dominicana
9 (RLIN) 54210
650 #7 - PUNTO DE ACCESO ADICIONAL DE MATERIA--TÉRMINO DE MATERIA
Término de materia o nombre geográfico como elemento de entrada Merengue (Música)
Subdivisión geográfica República Dominicana
9 (RLIN) 1324
700 1# - PUNTO DE ACCESO ADICIONAL--NOMBRE DE PERSONA
Nombre de persona Austerlitz, Paul,
Término indicativo de función/relación prologuista
9 (RLIN) 1315
700 1# - PUNTO DE ACCESO ADICIONAL--NOMBRE DE PERSONA
Nombre de persona Ruiz, Renan Branco
Término indicativo de función/relación tracdutor
9 (RLIN) 86546
700 1# - PUNTO DE ACCESO ADICIONAL--NOMBRE DE PERSONA
Nombre de persona Silva, Laurisabel María de Ana da
Término indicativo de función/relación tracdutor
9 (RLIN) 86547
700 1# - PUNTO DE ACCESO ADICIONAL--NOMBRE DE PERSONA
Nombre de persona Ribeiro Junior, Antonio Carlos Araújo,
Término indicativo de función/relación traductor
9 (RLIN) 86548
942 ## - ELEMENTOS DE PUNTO DE ACCESO ADICIONAL (KOHA)
Fuente del sistema de clasificación o colocación Dewey Decimal Classification
Tipo de ítem Koha Libro

No hay ítems disponibles.

Con tecnología Koha